| 000 | 00545nam a22002057a 4500 | ||
|---|---|---|---|
| 003 | Ost | ||
| 005 | 20240510091417.0 | ||
| 008 | 240424b |||||||| |||| 00| 0 eng d | ||
| 020 | _a9780199455423 | ||
| 040 | _cBT-PhCST | ||
| 050 | _a24900-24903 | ||
| 082 |
_222 _a621.3819 _bPAD |
||
| 100 | _aPadhy, N.P. | ||
| 245 | _aSoft computing with MATLAB programming : | ||
| 260 |
_aNew Delhi : _bOxford University Press, _cc2015 |
||
| 300 |
_axiii, 668 p. : _bill. ; _c23 cm. |
||
| 500 | _aIncludes index. | ||
| 700 | _aSimon, S.P. | ||
| 942 |
_2ddc _cEE |
||
| 999 |
_c9762 _d9762 |
||